| 000 | 00922nas a2200253 4500 | ||
|---|---|---|---|
| 001 | BR8707245 | ||
| 003 | BR-BrBNA | ||
| 005 | 20231205090915.0 | ||
| 007 | ta | ||
| 008 | 230509b bl.|||p| |||| 00| 00por d | ||
| 040 |
_aBR-BrBNA _bpor _cBiblioteca Nacional de Agricultura |
||
| 041 | _a(Pt) | ||
| 072 | _aP32 | ||
| 100 | 1 | _aVettorazzi, C.A. | |
| 100 | 1 | _aAngulo Filho, R. | |
| 245 | 1 | _aCaracterizacao de solos do Vale do Ribeira de Iguape no Estado de Sao Paulo atraves de indices de relevo | |
| 246 | 1 | _aCharacterization of soils of the Ribeira de Iguape Valley in the state of Sao Paulo, through relief indices | |
| 650 | _aCLASSIFICACAO DO SOLO | ||
| 650 | _aCARTA PEDOLOGICA | ||
| 650 | _aSAO PAULO | ||
| 773 | 0 |
_tAnais da Escola Superior de Agricultura Luiz de Queiroz (Brazil) _xISSN 0071-1276 _g(1986), v. 43(2) p. 517-536 _wBR8707245 |
|
| 909 |
_a202311 _bLúcia _c55 _dLúcia Elande |
||
| 942 |
_2AGRIS _n0 _cANA |
||
| 999 |
_c121563 _d121563 |
||